000 01357nam a2200313 i 4500
005 20160206165820.0
008 061205s2004 ck ao fr 00010dspa d
015 _ack-2004-xxxx
020 _a9583371076
040 _aCO-BoBLA
_cCO-BoBLA
041 0 _aspa
043 _as-ck---
082 0 4 _a581.464
_bR58g
100 1 _aRios R., Margarita
245 1 0 _aGuía de frutos y semillas de la cuenca media del río Otún /
_cMargarita Rios R., Paula Giraldo R. y Darío Correa Q.
260 3 _aCali :
_bFundación EcoAndina, Wildlife Conservation Society,
_c2004.
300 _a238, [10] páginas :
_bilustraciones y fotos ;
_c22 cm.
504 _aIncluye bibliografía.
650 1 4 _aBotánica
_z Río Otún - Quimbaya (Risaralda, Colombia)
650 2 4 _aPlantas
_x Clasificación
_z Río Otún - Quimbaya (Risaralda, Colombia)
650 2 4 _aTaxonomía vegetal
_z Río Otún - Quimbaya (Risaralda, Colombia)
650 2 4 _aDiversidad biológica
_z Río Otún - Quimbaya (Risaralda, Colombia)
650 2 4 _aFrutas
_z Río Otún - Quimbaya (Risaralda, Colombia)
650 2 4 _aSemillas
_z Río Otún - Quimbaya (Risaralda, Colombia)
_xClasificación
700 1 _aGiraldo R., Paula.,
_eautora.
700 1 _aCorrea Q., Darío,
_eautor.
942 _2ddc
_cLIBRO
949 _ac
_bc
999 _c4380
_d4380